00000000cam 2200000zi 4500
0019.960697
003CaOODSP
00520260513095231
006m     o  d f      
007cr cn ||||||||
008260309t20262026onca    o    f000 0 eng d
020 |a9780660988337
040 |aCaOODSP|beng|erda|cCaOODSP
041 |aeng|bfre|bjpn
043 |an-cn---|aa-ja---
0861 |aFR5-253/2026E-PDF
24500|aEvaluation of Canada's participation in Expo 2025, Osaka, Japan : |bfinal report / |cprepared for Global Affairs Canada.
264 1|a[Ottawa] : |bGlobal Affairs Canada = Affaires mondiales Canada, |c2026.
264 4|c©2026
300 |a1 online resource (107 pages) : |bcolour illustrations
336 |atext|btxt|2rdacontent
337 |acomputer|bc|2rdamedia
338 |aonline resource|bcr|2rdacarrier
500 |aIssued also in French under title: Évaluation de la participation du Canada à l'Expo 2025, Osaka, Japon : rapport final.
500 |a"Supplier Name: Leger Marketing Inc.."
500 |a"Contract number: CW2390792."
500 |a"POR: 100-24."
546 |aIncludes some text in French and Japanese.
650 0|aExhibitions|zJapan|zOsaka|xPublic opinion.
650 0|aExhibitions|xGovernment policy|zCanada|xPublic opinion.
650 0|aPublic opinion.
651 5|aCanada|xForeign public opinion.
7101 |aCanada. |bGlobal Affairs Canada, |eissuing body.
7102 |aLéger Marketing, |econsultant.
77508|tÉvaluation de la participation du Canada à l'Expo 2025, Osaka, Japon : |w(CaOODSP)9.960696
85640|qPDF|s3.09 MB|uhttps://publications.gc.ca/collections/collection_2026/amc-gac/FR5-253-2026-eng.pdf|zReport
8564 |qHTML|sN/A|uhttps://epe.lac-bac.gc.ca/100/200/301/pwgsc-tpsgc/por-ef/global_affairs_canada/2026/100-24-e/POR100-24_Leger_Final-Report_Evaluation_Canada_Participation_Expo_2025_Osaka_EN.htm|zReport
8564 |qHTML|sN/A|uhttps://epe.lac-bac.gc.ca/100/200/301/pwgsc-tpsgc/por-ef/global_affairs_canada/2026/100-24-e/index.html|zComplete dataset